Geology: All Rock Types on Wikipedia - Statistics

General Stats
  • This quiz has been taken 15 times
  • The average score is 21 of 193
Answer Stats
Rock % Correct
ʻAʻā
100%
Basalt
80%
Diorite
80%
Granite
80%
Sandstone
80%
Limestone
70%
Shale
70%
Gabbro
60%
Schist
60%
Andesite
50%
Coal
50%
Gneiss
50%
Mudstone
50%
Phyllite
50%
Siltstone
50%
Slate
50%
Anthracite
40%
Blueschist
40%
Greenschist
40%
Lignite
40%
Marble
40%
Obsidian
40%
Quartzite
40%
Amphibolite
30%
Arkose
30%
Carbonatite
30%
Granulite
30%
Rhyolite
30%
Tuff
30%
Anorthosite
20%
Chert
20%
Claystone
20%
Conglomerate
20%
Dunite
20%
Eclogite
20%
Flint
20%
Granodiorite
20%
Greywacke
20%
Pāhoehoe
20%
Alkali feldspar granite
10%
Banded Iron Formation
10%
Blue Granite
10%
Breccia
10%
Chalk
10%
Coquina
10%
Dacite
10%
Diabase
10%
Dolomite
10%
Harzburgite
10%
Hornfels
10%
Jadeitite
10%
Kimberlite
10%
Komatiite
10%
Lapis lazuli
10%
Laterite
10%
Lherzolite
10%
Marl
10%
Migmatite
10%
Monzonite
10%
Norite
10%
Oil shale
10%
Oolite
10%
Peridotite
10%
Pumice
10%
Rhyodacite
10%
Scoria
10%
Serpentinite
10%
Soapstone
10%
Suevite
10%
Tonalite
10%
Trachyte
10%
Travertine
10%
Wackestone
10%
Wad
10%
Adakite
0%
Adamellite
0%
Agpaitic Rock
0%
Ankaramite
0%
Aphanite
0%
Appinite
0%
Argillite
0%
Basaltic andesite
0%
Basaltic trachyandesite
0%
Basanite
0%
Benmoreite
0%
Blairmorite
0%
Boninite
0%
Borolanite
0%
Calcarenite
0%
Calcflinta
0%
Cataclasite
0%
Charnockite
0%
Comendite
0%
Diamictite
0%
Diatomite
0%
Enderbite
0%
Epidosite
0%
Essexite
0%
Evaporite
0%
Felsite
0%
Foidolite
0%
Ganister
0%
Geyserite
0%
Gossan
0%
Granophyre
0%
Gritstone
0%
Hawaiite
0%
Hornblendite
0%
Hyaloclastite
0%
Icelandite
0%
Ignimbrite
0%
Ijolite
0%
Ironstone
0%
Itacolumite
0%
Jasperoid
0%
Jaspillite
0%
Kenyte
0%
Lamproite
0%
Lamprophyre
0%
Larvikite
0%
Latite
0%
Leucitite
0%
Listwanite
0%
Litchfieldite
0%
Llanite
0%
Luxullianite
0%
Mangerite
0%
Metaconglomerate
0%
Metapelite
0%
Metapsammite
0%
Minette
0%
Monzodiorite
0%
Monzogabbro
0%
Monzogranite
0%
Mugearite
0%
Mylonite
0%
Napoleonite
0%
Nepheline-bearing diorite
0%
Nepheline syenite
0%
Nephelinite
0%
Novaculite
0%
Pantellerite
0%
Pegmatite
0%
Phonolite
0%
Phonotephrite
0%
Phosphorite
0%
Picrite
0%
Pietersite
0%
Porphyry
0%
Pseudotachylite
0%
Pyrolite
0%
Pyroxenite
0%
Quartz diorite
0%
Quartz monzonite
0%
Quartzolite
0%
Rapakivi granite
0%
Rhomb porphyry
0%
Rodingite
0%
Semipelite
0%
Shonkinite
0%
Shoshonite
0%
Skarn
0%
Syenogranite
0%
Sylvinite
0%
Tachylite
0%
Tachylyte
0%
Taconite
0%
Talc carbonate
0%
Tectonite
0%
Tephriphonolite
0%
Tephrite
0%
Teschenite
0%
Theralite
0%
Tillite
0%
Trachyandesite
0%
Trachybasalt
0%
Troctolite
0%
Trondhjemite
0%
Tufa
0%
Turbidite
0%
Unakite
0%
Variolite
0%
Vitrophyre
0%
Vogesite
0%
Websterite
0%
Wehrlite
0%
Whiteschist
0%
No matching quizzes found
Score Distribution
Percent of People with Each Score
Percentile by Number Answered
Your Score History
You have not taken this quiz